000 00995nam a22003137a 4500
003 CHAP
005 20220817041433.0
008 971013s1973 r 00010 d
010 _a14440
011 _a15412
035 _a19488
040 _cCHAP
082 _a080
_bS4 v.72
100 0 0 _aGonzález y González, Luis.
_949497
245 _aInvitación a la microhistoria
260 _aMéxico, D.F. :
_bSecretaría de Educación Pública,
_c1973
300 _a186 p
490 _aSEP/Setentas
_v; 72
590 _aBATCH-UPD
_b10
_c20130110
_lUCH01
_h1822
590 _aBATCH-UPD
_b10
_c20130410
_lUCH01
_h1156
590 _aBATCH-UPD
_b10
_c20130914
_lUCH01
_h1701
590 _aCONVERSION
_b10
_c20130109
_lUCH01
_h1309
650 1 4 _aMéxico
_xHistoria.
830 0 _aSEP. Setentas
_v; 72
901 _aBK
942 _cLIBRO
949 _a080 S4 v.72
_bBC
_cLIBRO
_d33724000307054
_eLIBRO
_h29068
_i19488
_mD
_si
949 _a080 S4 v.72
_bBC
_cLIBRO
_d33724000309837
_eLIBRO
_fc.2
_h30917
_i19488
_mD
_si
999 _c14440
_d14440